2014 March Madness Bracket Quiz Stats

 Plays Quiz Updated Apr 7, 2015

Challenge
Share
Tweet
Score 0/135 Timer 12:00
2 Plays Today
% Correct
Kentucky
93.9%
Kentucky
93.9%
Kentucky
93.8%
Kentucky
93.8%
Kentucky
93.8%
Kentucky
93.7%
Duke
91.8%
Florida
91%
Michigan
90.7%
Florida
90.3%
Florida
90.3%
Michigan
90.3%
Michigan
90.3%
Florida
90.2%
Michigan
90.1%
Florida
90.1%
Connecticut
89.2%
Connecticut
89.2%
Connecticut
89.2%
Connecticut
89.2%
Connecticut
89%
Connecticut
88.9%
Connecticut
88.4%
Michigan State
87.6%
Michigan State
87%
Michigan State
87%
Kansas
86.9%
Michigan State
86.9%
Kansas
86.2%
North Carolina
85.9%
North Carolina
85.3%
Wisconsin
85.1%
Wisconsin
85.1%
Wisconsin
85.1%
Wisconsin
85%
Wisconsin
84.9%
Arizona
83.8%
Arizona
82.7%
Arizona
82.7%
Arizona
82.5%
Ohio State
80.5%
Louisville
79.3%
Texas
78.8%
Virginia
78.7%
UCLA
78.5%
% Correct
Louisville
78.3%
Louisville
78.3%
Texas
77.9%
UCLA
77.6%
UCLA
77.6%
Virginia
77.4%
Virginia
77.4%
Iowa
76.7%
Syracuse
76%
Wichita State
75.6%
Oklahoma
75.2%
Syracuse
74.7%
Wichita State
74%
Oregon
73.4%
Villanova
73.4%
Oregon
72.5%
Villanova
72%
Tennessee
71.7%
Tennessee
70.3%
Tennessee
70.3%
Tennessee
70.3%
Iowa State
69.6%
Dayton
69.1%
Dayton
68.6%
Dayton
68.6%
Oklahoma State
68.6%
Dayton
68.4%
Iowa State
68.3%
Iowa State
68.3%
NC State
67.4%
Harvard
67%
Gonzaga
66.8%
Kansas State
66.6%
Baylor
66.4%
NC State
66.1%
Gonzaga
65.9%
Harvard
65.6%
Baylor
65.4%
Baylor
65.4%
Stanford
64.8%
Stanford
63.7%
Stanford
63.7%
Pittsburgh
61.8%
Arizona State
60.3%
New Mexico
60.2%
% Correct
Pittsburgh
59.6%
VCU
59.1%
Colorado
58.8%
Creighton
56.5%
Mercer
56.3%
San Diego State
56.1%
Mercer
55.8%
Cincinnati
55%
San Diego State
54.3%
San Diego State
54.3%
Creighton
54%
Memphis
51.7%
Nebraska
51.5%
Xavier
50.3%
Brigham Young
50.2%
Memphis
49.8%
North Dakota St
49.4%
North Dakota St
47.6%
New Mexico St.
47.4%
St. Joseph's
45.8%
Massachusetts
45.4%
Providence
44.5%
St. Louis
44%
Stephen F. Austin
42.2%
St. Louis
41.5%
Albany
40.8%
Stephen F. Austin
40.3%
Albany
39.6%
Manhattan
33.3%
Tulsa
33.3%
George Washington
33%
Louisiana
30.8%
American
30.2%
Delaware
30.1%
Western Michigan
30%
Coastal Carolina
29.7%
Cal Poly
28.9%
Wofford
27.9%
Weber State
26.7%
Eastern Kentucky
26.6%
Cal Poly
25.9%
Milwaukee
25.3%
Mt. St. Mary's
22.7%
Texas Southern
22.1%
NC Central
21.4%

You're not logged in!

Compare scores with friends on all Sporcle quizzes.
OR
Log In

You Might Also Like...

Show Comments

Extras

Top Quizzes Today


Score Distribution

Your Account Isn't Verified!

In order to create a playlist on Sporcle, you need to verify the email address you used during registration. Go to your Sporcle Settings to finish the process.

Report this User

Report this user for behavior that violates our Community Guidelines.

Details: